Normal view
MARC view
- Reisman, Arnold,
Entry Personal Name
001 - CONTROL NUMBER
- control field: 112610
003 - CONTROL NUMBER IDENTIFIER
- control field: NUST
005 - DATE AND TIME OF LATEST TRANSACTION
- control field: 20230525125224.0
008 - FIXED-LENGTH DATA ELEMENTS
- fixed length control field: 230525|| aca||aabn | a|a d
040 ## - CATALOGING SOURCE
- Original cataloging agency: NUST
- Transcribing agency: NUST
100 ## - HEADING--PERSONAL NAME
- Personal name: Reisman, Arnold,
- Dates associated with a name: 1934 Aug. 2-
670 ## - SOURCE DATA FOUND
- Source citation: Work cat.: (NUST)193290: Clark, Jon D. 112608, Computer system selection :, 1981.
